The men who built America

Vanderbilt, Rockefeller, Carnegie, Morgan, Ford, and the men who built America. Meet the titans who forged the foundation of modern America and created the American Dream. The miniseries shines a spotlight on the influential builders, dreamers, and believers whose feats transformed the United States...

Full beskrivning

Sparad:
Bibliografiska uppgifter
Materialtyp: Bok
Språk:Undetermined
Publicerad: United States A & E Television Networks 2012
Ämnen:
Taggar: Lägg till en tagg
Inga taggar, Lägg till första taggen!
Thư viện lưu trữ: Trung tâm Học liệu Trường Đại học Cần Thơ
LEADER 00836nam a2200193Ia 4500
001 CTU_226185
008 210402s9999 xx 000 0 und d
082 |a 973.092 
082 |b M534/DVD.1 
245 4 |a The men who built America 
260 |a United States 
260 |b A & E Television Networks 
260 |c 2012 
520 |a Vanderbilt, Rockefeller, Carnegie, Morgan, Ford, and the men who built America. Meet the titans who forged the foundation of modern America and created the American Dream. The miniseries shines a spotlight on the influential builders, dreamers, and believers whose feats transformed the United States. 
650 |a Businesspeople,Doanh nhân 
650 |x Biography,Tiểu sử 
650 |z United States,Hoa Kỳ 
910 |b nthai 
980 |a Trung tâm Học liệu Trường Đại học Cần Thơ